000 00273nam a2200109 a 4500
005 20140414132021.0
008 110315s19uu xx 00 eng d
050 _aTR
_bF82 2000
100 _aCook, Yvonne
245 _aFour days in the life of Zoe Coznaut.
999 _c113473
_d113473